LEADER 01572nam 2200409 a 450 001 9910695125503321 005 20060711124905.0 035 $a(CKB)5470000002367478 035 $a(OCoLC)70278527 035 $a(EXLCZ)995470000002367478 100 $a20060711d2006 ua 0 101 0 $aeng 135 $aurmn|---||||| 181 $ctxt$2rdacontent 182 $cc$2rdamedia 183 $acr$2rdacarrier 200 10$aHomeland Security$b[electronic resource] $emanagement and coordination problems increase the vulnerability of U.S. agriculture to foreign pests and disease : report to congressional requesters 210 1$a[Washington, D.C.] :$cU.S. Government Accountability Office,$d[2006] 215 $a69 pages $cdigital, PDF file 300 $aTitle from title screen (viewed on June 15, 2006). 300 $a"May 2006." 300 $aPaper version available from: U.S. Government Accountability Office, 441 G St., NW, Rm. LM, Washington, D.C. 20548. 300 $a"GAO-06-644." 320 $aIncludes bibliographical references. 517 $aHomeland Security 606 $aIntroduced organisms$zUnited States$xPrevention 606 $aNonindigenous pests$zUnited States$xPrevention 606 $aBiological invasions$zUnited States$xPrevention 615 0$aIntroduced organisms$xPrevention. 615 0$aNonindigenous pests$xPrevention. 615 0$aBiological invasions$xPrevention. 801 0$bGPO 801 1$bGPO 906 $aBOOK 912 $a9910695125503321 996 $aHomeland Security$91686681 997 $aUNINA LEADER 01628nam0 22003253i 450 001 MIL0528867 005 20251003044234.0 010 $a8838625115 100 $a20090428d2001 ||||0itac50 ba 101 | $aita 102 $ait 181 1$6z01$ai $bxxxe 182 1$6z01$an 183 1$6z01$anc$2RDAcarrier 200 1 $aLogiche e strumenti di gestione per processi in sanità$eil caso dell'Azienda ospedaliera L. Sacco di Milano$fFederico Lega$gprefazione di Mara Bergamaschi$gintroduzione di Francesco Ceratti$gpostfazione di Giorgio Casati 210 $aMilano$cMcGraw-Hill$d2001 215 $aXX, 360 p.$d21 cm. 225 | $aManagement e sanità 410 0$1001RER0061190$12001 $aManagement e sanità 606 $aMilano$xAzienda ospedaliera Luigi Sacco$xGestione$2FIR$3CFIC141751$9I 676 $a362.1$9Problemi e servizi di assistenza sociale. Servizi per pazienti in specifiche condizioni$v14 700 1$aLega$b, Federico$f <1972- >$3MILV258927$4070$0788394 801 3$aIT$bIT-000000$c20090428 850 $aIT-BN0095 901 $bNAP 01$cPOZZO LIB.$nVi sono collocati fondi di economia, periodici di ingegneria e scienze, periodici di economia e statistica e altri fondi comprendenti documenti di economia pervenuti in dono. 912 $aMIL0528867 950 0$aBiblioteca Centralizzata di Ateneo$c1 v.$d 01POZZO LIB.ECON MON 1819$e 0101 0000057435E VMA 1 v. (Precedente collocazione: DASES A 139)$fB $h20090428$i20090428 977 $a 01 996 $aLogiche e strumenti di gestione per processi in sanità$91757332 997 $aUNISANNIO